Random reader (Record no. 20645)

MARC details
000 -LEADER
fixed length control field 00255nam a2200109Ia 4500
082 ## - DEWEY DECIMAL CLASSIFICATION NUMBER
Classification number 159.9
Item number ART
245 #0 - TITLE STATEMENT
Title Random reader
260 ## - PUBLICATION, DISTRIBUTION, ETC. (IMPRINT)
Place of publication Bombay
Name of publisher Arthur Hale
Year of publication 1965
700 ## - ADDED ENTRY--PERSONAL NAME
Personal name Arthur, Hale
942 ## - ADDED ENTRY ELEMENTS (KOHA)
Koha item type Books
Holdings
Withdrawn status Lost status Damaged status Not for loan Home library Current library Date acquired Full call number Accession Number Koha item type
        RRII Library RRII Library 16/12/2021 159.9 ART 01366 Books